000 00767nam a2200253Ia 4500
003 OSt
005 20220918192315.0
006 a|||||r|||| 00| 0
007 ta
008 220917b |||||||| |||| 00| 0 eng d
024 _a67,798
037 _cTextual
040 _aARTS
_cARTS
_beng
041 _2eng
_aeng
082 _aR3xM59:g, L6
100 _aWebb Rodman B
_978855
245 0 _aPresence of the Past
_b John Dewey and Alfred Schutz on the genesis and organisation experience
260 _aFlorida
_bUniversity Press
_c1976
300 _aviii,133p.
_ccm.
490 _aUniversity of Florida : social sciences monographs; 57
650 _aPHILOSOPHY
942 _hR3xM59:g, L6
_cTEXL
_2CC
999 _c194031
_d194031